Egy igazságtalanság két értelmezése: Szekfű Gyula és Bibó István a párizsi békeszerződésről.
Elmentve itt :
| Szerző: | |
|---|---|
| Adatforrás: | Philobibl |
| Forrásdokumentuma: | Magyar Tudomány 48 2003. 6., 738-746.p. p. |
| Dokumentumtípus: | Cikk |
| Nyelv: | magyar |
| LEADER | 00378nab a2200097 c 4500 | ||
|---|---|---|---|
| 001 | bibDOK00028242 | ||
| 005 | 20200924122316.9 | ||
| 008 | 060518s2003 hu hun | ||
| 100 | 1 | |a Dénes Iván Zoltán | |
| 245 | 1 | 4 | |a Egy igazságtalanság két értelmezése: Szekfű Gyula és Bibó István a párizsi békeszerződésről. |c Dénes Iván Zoltán |
| 773 | 0 | |t Magyar Tudomány 48 |g 2003. 6., 738-746.p. p. | |